Plant nutrition and soil fertility : (Record no. 51179)

MARC details
000 -LEADER
fixed length control field 00724nam a2200253Ia 4500
005 - DATE AND TIME OF LATEST TRANSACTION
control field 20260429111847.0
008 - FIXED-LENGTH DATA ELEMENTS--GENERAL INFORMATION
fixed length control field 260429s9999||||xx |||||||||||||| ||und||
020 ## - INTERNATIONAL STANDARD BOOK NUMBER
International Standard Book Number 9789358998177
041 ## - LANGUAGE CODE
Language English
082 ## - DEWEY DECIMAL CLASSIFICATION NUMBER
Classification number 631.422
Item number ASH
100 ## - MAIN ENTRY--PERSONAL NAME
Personal name Ashraf, Mohammed A.
245 #0 - TITLE STATEMENT
Title Plant nutrition and soil fertility :
Remainder of title advanced agronomic techniques /
Statement of responsibility, etc Mohammed A. Ashraf
250 ## - EDITION STATEMENT
Edition statement 1st ed.
260 ## - PUBLICATION, DISTRIBUTION, ETC. (IMPRINT)
Place of publication, distribution, etc New Delhi :
Name of publisher, distributor, etc Elite Publishing House,
Date of publication, distribution, etc 2024.
300 ## - PHYSICAL DESCRIPTION
Extent xii, 212 p.; hb
650 ## - SUBJECT ADDED ENTRY--TOPICAL TERM
Topical term or geographic name as entry element Plant nutrition
650 ## - SUBJECT ADDED ENTRY--TOPICAL TERM
Topical term or geographic name as entry element Soil fertility
650 ## - SUBJECT ADDED ENTRY--TOPICAL TERM
Topical term or geographic name as entry element Agriculture
700 ## - ADDED ENTRY--PERSONAL NAME
Personal name Preethi, T. L.
700 ## - ADDED ENTRY--PERSONAL NAME
Personal name Sivagamy, K.
700 ## - ADDED ENTRY--PERSONAL NAME
Personal name Tamilselvi, C.
700 ## - ADDED ENTRY--PERSONAL NAME
Personal name Vijayashanthi, V.A.
942 ## - ADDED ENTRY ELEMENTS (KOHA)
Koha item type Text Books
Holdings
Withdrawn status Lost status Damaged status Not for loan Collection code Home library Location Shelving location Date of Cataloging Source of acquisition Total Checkouts Full call number Barcode Date last seen Price effective from Koha item type
        Non-fiction CUTN Central Library CUTN Central Library Medicine, Technology & Management 29/04/2026 Prashant Book Agency, New Delhi - Invoice No. 536 on 09-02-2026   631.422 ASH 56034 29/04/2026 29/04/2026 Text Books